Mathematical modeling and modeling Mathematics

Saved in:
Bibliographic Details
Main Authors: Hirsch, Christian R (Author), McDuffie, Amy Roth (Author)
Format: Book
Language:English
Published: Reston National Council of Teachers of Mathematics 2016
Edition:1a. ed
Series:Anual Perspectives in Mathematics Education
Subjects:
Tags: Add Tag
No Tags, Be the first to tag this record!

MARC

LEADER 00000cam a2200000 a 4500
001 UCC7352
003 CL-VaPUC
008 190322e20160000us |||||||||||||||||eng|d
020 |a 9780873539739 
082 0 4 |a 511.8  |b HIR  |2 21 
100 0 |a Hirsch, Christian R  |e author  |9 601928 
700 0 |a McDuffie, Amy Roth  |e author  |9 601929 
245 1 0 |a Mathematical modeling and modeling Mathematics 
250 |a 1a. ed 
300 |a 280 p 
942 |c BK 
945 |d 20190322 14:57:00  |a dcastane 
260 |a Reston  |b National Council of Teachers of Mathematics  |c 2016 
650 0 |a Modelos matemáticos   |9 259437 
650 0 |a Matemáticas  |x Enseñanza  |9 875527 
583 |a last modification  |c 20190322 14:57:00  |k Rodrigo Vera 
490 0 |a Anual Perspectives in Mathematics Education 
999 |c 374022  |d 374020 
952 |0 0  |1 0  |3 erb  |4 0  |6 511_800000000000000_HIR_2016  |7 0  |8 A  |9 492371  |a BIBMAT  |b BIBMAT  |c E_DIDACT  |i 5538769  |o 511.8 HIR 2016  |p 5538769  |r 2025-01-07  |w 2019-11-24  |y BK  |z Catalogado en:20190322  |k MAT 
952 |0 0  |1 0  |3 erb  |4 0  |6 511_800000000000000_HIR_2016  |7 0  |8 A  |9 492372  |a BIBMAT  |b BIBMAT  |c E_DIDACT  |i 5538750  |l 1  |o 511.8 HIR 2016  |p 5538750  |r 2025-01-07  |s 2022-10-17  |w 2019-11-24  |y BK  |z Catalogado en:20190322  |k MAT